Edward Welchew (Record no. 2484)

000 -LEADER
fixed length control field 00585nam a22001937a 4500
003 - CONTROL NUMBER IDENTIFIER
control field OSt
005 - DATE AND TIME OF LATEST TRANSACTION
control field 20210712113210.0
008 - FIXED-LENGTH DATA ELEMENTS--GENERAL INFORMATION
fixed length control field 210712b ||||| |||| 00| 0 eng d
020 ## - INTERNATIONAL STANDARD BOOK NUMBER
International Standard Book Number 9780727908605
040 ## - CATALOGING SOURCE
Transcribing agency ALUPE UNIVERSITY
050 ## - LIBRARY OF CONGRESS CALL NUMBER
Classification number RD98.4
Item number .W 1995
100 ## - MAIN ENTRY--PERSONAL NAME
Personal name Edward Welchew
245 ## - TITLE STATEMENT
Title Edward Welchew
250 ## - EDITION STATEMENT
Edition statement Print book : English
260 ## - PUBLICATION, DISTRIBUTION, ETC.
Place of publication, distribution, etc. London
Name of publisher, distributor, etc. BMJ Publishing Group,
Date of publication, distribution, etc. c1995.
300 ## - PHYSICAL DESCRIPTION
Extent 133p
650 ## - SUBJECT ADDED ENTRY--TOPICAL TERM
Source of heading or term Patient-controlled analgesia Postoperative pain -- Chemotherapy Analgesia, Patient-Controlled.
942 ## - ADDED ENTRY ELEMENTS (KOHA)
Source of classification or shelving scheme
Koha item type Book
Suppress in OPAC SN
Holdings
Withdrawn status Lost status Source of classification or shelving scheme Damaged status Not for loan Permanent Location Current Location Shelving location Date acquired Total Checkouts Full call number Barcode Date last seen Price effective from Koha item type Public note
          AU LIBRARY AU LIBRARY Open Shelf 12.07.2021   RD98.4 .W 1995 28003340 12.07.2021 12.07.2021 Book sn

Powered by Koha